Program pre vyhodnotenie zásahov pri športovej streľbe

Gespeichert in:
Bibliographische Detailangaben
1. Verfasser: Droppa, Nicolas (Verfasst von)
Weitere Verfasser: Hagara, Miroslav (Betreuung Doktorarbeit)
Format: Manuskript Buch
Sprache:Slowakisch
Veröffentlicht: Bratislava : STU v Bratislave FEI, 2025
Schlagworte:
Online-Zugang:https://opac.crzp.sk/?fn=detailBiblioFormChildEU18L&sid=BA75C2D62745AD5723EB919ED92F&seo=CRZP-detail-kniha
Tags: Tag hinzufügen
Keine Tags, Fügen Sie das erste Tag hinzu!

MARC

LEADER 00000ntm a22000003a 4500
001 stuzp101967
003 SK-STU
005 20251105134557.6
007 ta
008 150427s2015----xo-----f-mn---000-0-slo-d
040 |a STU  |b slo 
041 0 |a slo 
044 |a xo 
100 1 |a Droppa, Nicolas  |u 033000  |4 aut  |U FEI Fakulta elektrotechniky a informatiky  |T FEI Ústav elektroniky a fotoniky  |X 120403  |U E030  |Y 549  |7 120403 
242 0 1 |a Program for the evaluation of impacts in sport shooting  |y eng 
245 1 0 |a Program pre vyhodnotenie zásahov pri športovej streľbe 
260 |a Bratislava :  |b STU v Bratislave FEI,  |c 2025 
300 |a 48 s. 
650 4 |a športová streľba  |2 slo 
650 4 |a detekcia  |2 slo 
650 4 |a perspektíva  |2 slo 
650 4 |a sport shooting  |2 eng 
650 4 |a detection  |2 eng 
650 4 |a perspective  |2 eng 
700 1 |a Hagara, Miroslav  |u 033000  |k Z1  |4 ths  |U FEI Fakulta elektrotechniky a informatiky  |T FEI Ústav elektroniky a fotoniky  |X 1914  |U E030  |Y 549  |7 A000001914 
856 4 |u https://opac.crzp.sk/?fn=detailBiblioFormChildEU18L&sid=BA75C2D62745AD5723EB919ED92F&seo=CRZP-detail-kniha